Sports Quiz

Random Sports or Decade Quiz

Sports Illustrated Covers Since 1990 Quiz Stats

Quiz Updated Nov 2, 2016

Challenge
Share
Tweet
Embed
Score 0/124 Timer 20:00
1 Play Today
Covers Person % Correct
47Michael Jordan
97.9%
25Tiger Woods
96.5%
17Kobe Bryant
89.2%
18LeBron James
87.7%
12Peyton Manning
85.3%
11Lance Armstrong
83.5%
9Magic Johnson
83.2%
15Tom Brady
82.1%
5Randy Johnson
81.7%
18Shaquille O'Neal
81.6%
3Michael Johnson
81.5%
3Keyshawn Johnson
81.1%
3Kerry Wood
73.8%
14Derek Jeter
73%
6Alex Rodriguez
71.4%
12Emmitt Smith
70.9%
3Dean Smith
70.2%
4Serena Williams
67.7%
12Brett Favre
67.4%
3Ricky Williams
66.6%
6Ted Williams
66.6%
3Jay Williams
66.4%
4Phil Jackson
66.1%
5Larry Bird
61.6%
8Barry Bonds
59.3%
9Mike Tyson
59%
5Dwyane Wade
57.3%
4Wayne Gretzky
56.1%
6Muhammad Ali
56%
7Michael Phelps
55%
6Sammy Sosa
55%
10Joe Montana
54.8%
3Barry Sanders
54.3%
7Steve Young
54.2%
4Deion Sanders
54.2%
5Vince Young
53.5%
10Mark McGwire
52%
9Tim Duncan
51%
10Kevin Garnett
50.1%
4Albert Pujols
49.8%
5Phil Mickelson
49.2%
3Scottie Pippen
49.1%
Covers Person % Correct
5Troy Aikman
48%
7Dale Earnhardt, Jr.
46.8%
5Dale Earnhardt
46.5%
5Sidney Crosby
46.1%
3Carl Lewis
45.9%
5Roger Clemens
45.3%
4Jerry Rice
45%
7David Robinson
44.1%
3Isaiah Thomas
44%
6Drew Brees
43.5%
9John Elway
43.5%
3Desmond Howard
42.2%
3Paul Pierce
41.9%
4Ben Roethlisberger
41.5%
5Dan Marino
40.9%
5Karl Malone
40.6%
5Jeff Gordon
40.4%
3Allen Iverson
40.3%
4Manny Ramirez
40%
10Ken Griffey, Jr.
39.7%
5Carmelo Anthony
39.7%
5Patrick Ewing
38.8%
3Pete Sampras
37.9%
3Babe Ruth
37.7%
3Andre Agassi
37.1%
6Charles Barkley
37%
3Jim Brown
36.9%
4Randy Moss
35.2%
4Gary Payton
35%
9Kurt Warner
33.8%
7Reggie Bush
32.8%
6Michael Vick
31.5%
3Michael Irvin
31.3%
3Hakeem Olajuwon
30.7%
4Kevin Durant
30.5%
5Adrian Peterson
30.5%
4Donovan McNabb
29.8%
7Cal Ripken, Jr
29.5%
5Mario Lemieux
29.5%
4Dennis Rodman
29.3%
3Pedro Martinez
28.2%
3Tony Parker
27.5%
Covers Person % Correct
5Jason Kidd
26.7%
5Evander Holyfield
26.5%
5Reggie White
26%
3Yao Ming
26%
8Tim Tebow
25.8%
4Curt Schilling
25.8%
3Mariano Rivera
23.5%
5Mickey Mantle
23.2%
3Bill Russell
22.9%
3Landon Donovan
21.1%
3Grant Hill
21%
3Ben Wallace
19.9%
3Mark Messier
19.4%
3Jerome Bettis
18.9%
3Matt Leinart
18.3%
4Blake Griffin
18.3%
3Willie Mays
17.4%
3Ichiro Suzuki
16.9%
4Hines Ward
16.6%
3Bonnie Blair
15%
3Monica Seles
14.3%
3Steve Yzerman
12.6%
3Jason Giambi
12.1%
3Johnny Unitas
12%
4Mike Piazza
11.7%
3Rich Gannon
9.5%
3Kirby Puckett
9.2%
3Kevin Love
9%
5Tyler Hansbrough
8.8%
3Shane Battier
7.8%
3Warren Sapp
7.6%
3Darryl Strawberry
7.4%
3Joakim Noah
7.2%
3Latrell Sprewell
6.7%
3Sandy Koufax
5.6%
3Emeka Okafor
4.9%
3Mario Chalmers
3%
3Kalin Lucas
2.5%
3Chris Leak
2.2%
3Craig Krenzel
1.9%

You're not logged in!

Compare scores with friends on all Sporcle quizzes.
Join for Free
OR
Log In

You Might Also Like...

Show Comments

Extras

Top Quizzes Today


Score Distribution

Your Account Isn't Verified!

In order to create a playlist on Sporcle, you need to verify the email address you used during registration. Go to your Sporcle Settings to finish the process.

Report this User

Report this user for behavior that violates our Community Guidelines.

Details: